| 000 | 02167nam0a2200373 4500 | ||
|---|---|---|---|
| 001 | RU\NLR\BIBL_A\022189030 | ||
| 005 | 20260408195743.0 | ||
| 010 |
_a978-5-7300-0917-2 _91000 |
||
| 035 | _a(NLR Aleph) 022189030 | ||
| 090 |
_a13321166 _c13321166 |
||
| 100 | _a20240405d2022 |||y0rusy50 ca | ||
| 101 | 0 | _arus | |
| 102 | _aRU | ||
| 105 | _aach z 110yy | ||
| 181 | 0 |
_ab3 _bbb2e |
|
| 181 | 0 |
_ai1 _baxxe |
|
| 182 | 0 | _an | |
| 200 | 1 |
_aИстория Российской империи в документах, 1721-1917 _eпо материалам выставки "Быть по сему...", 13.10.2021 - 10.12.2021 _e[альбом] _eк 350-летию со дня рождения Петра Великого _f[Федеральное архивное агентство, Российский государственный исторический архив и др. _gБогданова Т. В.] |
|
| 203 |
_aИзображение _aТекст _bвизуальные _cнепосредственные |
||
| 210 |
_aСанкт-Петербург _cАврора _d2022 |
||
| 215 |
_a333, [1] с. _cил., цв. ил., портр., факс. _d33 |
||
| 320 | _aБиблиогр. в подстроч. примеч. и в примеч. сбоку от текста | ||
| 607 |
_aРоссия _xИстория _z18 - нач. 20 вв. _jДокументы и материалы _3RU\NLR\AUTH\661406153 _92353949 |
||
| 686 | 1 | _aТ3(2)464,011 | |
| 686 | 1 | _aТ3(2)5,011 | |
| 702 | 1 |
_4220 _7ca _8rus _aБогданова _bТ. В. _cисторик, архивист _gТатьяна Васильевна _3RU\NLR\AUTH\770277910 _92649877 |
|
| 702 | 0 |
_4280 _8rus _7ca _aПетр _cимператор российский _dI _f1672-1725 _3RU\NLR\AUTH\778862 _9118743 |
|
| 711 | 1 | 2 |
_a"Быть по сему...", выставка _f2021 _eСанкт-Петербург _3RU\NLR\AUTH\880624232 _92656600 |
| 712 | 0 | 2 |
_4557 _aРоссийский государственный исторический архив _cСанкт-Петербург _3RU\NLR\AUTH\8810698 _9294015 |
| 942 | _cBOOK | ||
| 980 | _aNB | ||